Field notes on love (Record no. 63860)

MARC details
000 -LEADER
fixed length control field 00778nam a2200193 a 4500
008 - FIXED-LENGTH DATA ELEMENTS--GENERAL INFORMATION
fixed length control field 220817s2019 ||||||||||||||||| || u
020 ## - INTERNATIONAL STANDARD BOOK NUMBER
International Standard Book Number 9781529014563
050 ## - LIBRARY OF CONGRESS CALL NUMBER
Classification number PR 821 .S65
100 ## - MAIN ENTRY--PERSONAL NAME
Personal name Smith, Jennifer E., 1980-
245 10 - TITLE STATEMENT
Title Field notes on love
Statement of responsibility, etc. By Jennifer E. Smith
260 ## - PUBLICATION, DISTRIBUTION, ETC.
Place of publication, distribution, etc. London
Name of publisher, distributor, etc. Macmillan Children's Book
Date of publication, distribution, etc. 2019
260 ## - PUBLICATION, DISTRIBUTION, ETC.
Place of publication, distribution, etc. London
Name of publisher, distributor, etc. Macmillan
Date of publication, distribution, etc. 2019
300 ## - PHYSICAL DESCRIPTION
Extent 310 Pages
350 ## -
-- 15.03
650 ## - SUBJECT ADDED ENTRY--TOPICAL TERM
Topical term or geographic name entry element LOVE --FICTION
650 ## - SUBJECT ADDED ENTRY--TOPICAL TERM
Topical term or geographic name entry element ENGLISH LANGUAGE
995 ## -
-- FICTION Collection
-- 905310
-- CBU-SCHOOL OF MEDICINE LIBRARY (Ndola)
-- 15.19
-- PR 821 .S65
-- 1
-- AVAILABLE
-- Aug 23, 2022
-- 905310
-- Fiction Collection
995 ## -
-- FICTION Collection
-- 751802
-- CBU-MAIN LIBRARY (Kitwe)
-- 15.03
-- PR 821 .S65
-- 2
-- AVAILABLE
-- Sep 6, 2022
-- 751802
-- Fiction Collection
999 ## -
-- 63860
-- 63860

No items available.